| 000 | 00000nam##2200000za#4500 |
| 001 | 9.573771 |
| 003 | CaOODSP |
| 005 | 20210624183848 |
| 007 | cr ||||||||||| |
| 008 | 150406|1994||||xxc|||||o f|0| 0 eng|d |
| 022 | |a1488-5379 |
| 040 | |aCaOODSP|beng |
| 043 | |an-cn--- |
| 086 | 1 |aFs97-6/1969E-PDF |
| 110 | 1 |aCanada. |bDepartment of Fisheries and Oceans. |
| 245 | 10|aObservations on two mytilid species from a Nova Scotian mussel farm / |h[electronic resource]|cby K.R. Freeman ... [et al.]. |
| 260 | |aHalifax - Nova Scotia : |bFisheries and Oceans Canada |cc1994. |
| 300 | |a51p.|bfigs., graphs, references, tables |
| 490 | 1 |aCanadian technical report of fisheries and aquatic sciences|x1488-5379|vNo. 1969 |
| 500 | |aThe catalogue number (Fs97-6/1969E) and ISSN (0706-6457) for the print edition have been incorrectly copied in this electronic publication. |
| 546 | |a(Résumé en français) |
| 590 | |a12-23-Supp|b2012-05-28 |
| 720 | 1 |aFreeman, K.R. |
| 776 | 0#|tObservations on two mytilid species from a Nova Scotian mussel farm / |w(CaOODSP)9.611314 |
| 830 | #0|aCanadian technical report of fisheries and aquatic sciences,|x1488-5379|vNo. 1969|w(CaOODSP)9.504449 |
| 856 | 40|ahttp://publications.gc.ca|qPDF|s3.08 MB|uhttps://publications.gc.ca/collections/collection_2012/mpo-dfo/Fs97-6-1969-eng.pdf|yNo. 1969 |